<?xml version="1.0" encoding="UTF-8"?>
<record
    xmlns:xsi="http://www.w3.org/2001/XMLSchema-instance"
    xsi:schemaLocation="http://www.loc.gov/MARC21/slim http://www.loc.gov/standards/marcxml/schema/MARC21slim.xsd"
    xmlns="http://www.loc.gov/MARC21/slim">

  <leader>00607nam a2200145Ia 4500</leader>
  <controlfield tag="001">2987</controlfield>
  <controlfield tag="008">241024s9999    xx            000 0 und d</controlfield>
  <datafield tag="082" ind1=" " ind2=" ">
    <subfield code="a">RD/370.71/SC347e</subfield>
  </datafield>
  <datafield tag="100" ind1=" " ind2=" ">
    <subfield code="a">Sylvia Schmelkes</subfield>
  </datafield>
  <datafield tag="245" ind1=" " ind2="0">
    <subfield code="a">La evaluaci&#xF3;n del desempe&#xF1;o docente. Estado de la cuesti&#xF3;n, (borrador para discusi&#xF3;n). 3era. reuni&#xF3;n t&#xE9;cnica estrategia regional sobre docentes, Santo Domingo 6 y 7 de junio de 2013. (Profesores para una educaci&#xF3;n para todos, proyectos estrat&#xE9;gicos regional sobre docentes, OREAL</subfield>
  </datafield>
  <datafield tag="260" ind1=" " ind2=" ">
    <subfield code="b">Santo Domingo</subfield>
    <subfield code="c">2013</subfield>
  </datafield>
  <datafield tag="590" ind1=" " ind2=" ">
    <subfield code="a">si</subfield>
  </datafield>
  <datafield tag="901" ind1=" " ind2=" ">
    <subfield code="a">9/7/2013 2:42:44 p.m.</subfield>
  </datafield>
  <datafield tag="999" ind1=" " ind2=" ">
    <subfield code="c">9190</subfield>
    <subfield code="d">9190</subfield>
  </datafield>
</record>
